The world's master paintings from the early Renaissance to the Present Day: Vol.2

The book lists in alphabetical order all the locations, together with the names of the painters represented in the collections, and the numbers of their paintings. Each location entry is prefaced by a short description of the general scope of the collection and, where relevant or available, a genera...

Cijeli opis

Spremljeno u:
Bibliografski detalji
Glavni autor: Christopher Wright (1945-
Format: Knjiga
Jezik:Undetermined
Izdano: London Routledge 1992
Teme:
Oznake: Dodaj oznaku
Bez oznaka, Budi prvi tko označuje ovaj zapis!
Thư viện lưu trữ: Trung tâm Học liệu Trường Đại học Cần Thơ
LEADER 00869nam a2200193Ia 4500
001 CTU_18579
008 210402s9999 xx 000 0 und d
082 |a 750 
082 |b W948/Vol.2 
100 |a Christopher Wright (1945- 
245 4 |a The world's master paintings from the early Renaissance to the Present Day: Vol.2 
245 0 |c Christopher Wright (1945- 
260 |a London 
260 |b Routledge 
260 |c 1992 
520 |a The book lists in alphabetical order all the locations, together with the names of the painters represented in the collections, and the numbers of their paintings. Each location entry is prefaced by a short description of the general scope of the collection and, where relevant or available, a general bibliography 
650 |a paintings 
904 |i Minh, 970920 
980 |a Trung tâm Học liệu Trường Đại học Cần Thơ